[Event "ICC Open Final 2016"]
[Site "ICC INT"]
[Date "2016.06.05"]
[Round "1.1"]
[White "Perez Ponsa, Federico"]
[Black "Fedoseev, Vladimir3"]
[Result "1/2-1/2"]
[WhiteTitle "GM"]
[BlackTitle "GM"]
[WhiteElo "2586"]
[BlackElo "2665"]
[WhiteFideId "117927"]
[BlackFideId "24130737"]
[EventDate "2016.06.05"]

1. e4 g6 2. d4 Bg7 3. c4 d6 4. Nc3 e5 5. Nf3 Nc6 6. Bg5 f6 7. Be3 Nh6 8. dxe5
fxe5 9. h3 O-O 10. c5 dxc5 11. Bc4+ Kh8 12. Bxc5 Re8 13. Qxd8 Rxd8 14. Nb5 b6
15. Ba3 Na5 16. Be2 c5 17. O-O Bb7 18. Nc3 Nc6 19. Bc4 Nd4 20. Nxd4 exd4 21. Nd5
Rd7 22. Rad1 Nf7 23. f4 Nd6 24. Bd3 Nxe4 25. Bxe4 Bxd5 26. Bxd5 Rxd5 27. b3 Bf6
28. Rfe1 Kg7 29. Kf2 Kf7 30. Kf3 Re8 31. g4 h5 32. Bc1 hxg4+ 33. hxg4 Rdd8 34.
Bd2 Rh8 35. g5 Bg7 36. Kg4 Rh2 37. f5 Rdh8 38. fxg6+ Kxg6 39. Re6+ Kf7 40. Rc6
R8h4+ 41. Kf3 R2h3+ 42. Kg2 Be5 43. Re1 Rg3+ 44. Kf2 Rh2+ 45. Kf1 Rf3+ 46. Kg1
Rxd2 47. Rxe5 Rg3+ 48. Kf1 Rxa2 49. Rf6+ Kg7 50. Re7+ Kg8 51. Re8+ Kg7 52. Re7+
Kg8 53. Re8+ Kg7 54. Re7+ Kg8 1/2-1/2

[Event "ICC Open Final 2016"]
[Site "ICC INT"]
[Date "2016.06.05"]
[Round "1.2"]
[White "Fedoseev, Vladimir3"]
[Black "Perez Ponsa, Federico"]
[Result "0-1"]
[WhiteTitle "GM"]
[BlackTitle "GM"]
[WhiteElo "2665"]
[BlackElo "2586"]
[WhiteFideId "24130737"]
[BlackFideId "117927"]
[EventDate "2016.06.05"]

1. Nf3 Nf6 2. g3 g6 3. Bg2 Bg7 4. O-O O-O 5. c4 c5 6. Nc3 Nc6 7. d4 cxd4 8. Nxd4
d6 9. Nc2 Be6 10. b3 Qd7 11. Bb2 Bh3 12. Ne3 Bxg2 13. Kxg2 Rac8 14. Qd2 Ne5 15.
Rac1 Qc6+ 16. f3 Rfe8 17. Nb5 Ra8 18. a4 a6 19. Nd4 Qb6 20. Nd5 Nxd5 21. cxd5
Rac8 22. a5 Qa7 23. Rc2 Rxc2 24. Qxc2 Nd7 25. e3 Qc5 26. Rc1 Qxd5 27. b4 Ne5 28.
e4 Qa2 29. Kh3 Nxf3 30. Nxf3 Bxb2 31. Kg2 Qa3 32. Rb1 Bf6 33. h4 Qc3 34. Qxc3
Bxc3 35. b5 Bxa5 36. bxa6 bxa6 37. Ra1 Bc3 38. Rxa6 h5 39. Ra7 Bf6 40. Ne1 Rb8
41. Nd3 Rb3 42. Nf4 e6 43. Ra8+ Kg7 44. Ra7 Kf8 45. Ra8+ Ke7 46. Ra7+ Ke8 47.
Ra8+ Bd8 48. Ra6 Bb6 49. Ra8+ Ke7 50. Rb8 Rb2+ 51. Kh3 Bd4 52. Rxb2 Bxb2 53. g4
hxg4+ 54. Kxg4 Bc1 55. Nd3 Bh6 56. h5 f5+ 57. exf5 gxf5+ 58. Kh4 e5 59. Nb4 Ke6
60. Nc6 e4 61. Nd4+ Ke5 62. Nc6+ Kf4 63. Ne7 e3 64. Nd5+ Kf3 0-1

[Event "ICC Open Final 2016"]
[Site "ICC INT"]
[Date "2016.06.05"]
[Round "1.3"]
[White "Perez Ponsa, Federico"]
[Black "Fedoseev, Vladimir3"]
[Result "1-0"]
[WhiteTitle "GM"]
[BlackTitle "GM"]
[WhiteElo "2586"]
[BlackElo "2665"]
[WhiteFideId "117927"]
[BlackFideId "24130737"]
[EventDate "2016.06.05"]

1. e4 e5 2. Nf3 Nc6 3. Bb5 Nf6 4. d3 d6 5. O-O Bd7 6. c4 g6 7. Nc3 Bg7 8. h3 O-O
9. Be3 Kh8 10. Nd5 Ng8 11. d4 a6 12. Bxc6 bxc6 13. Nc3 f6 14. c5 Be6 15. cxd6
cxd6 16. Rc1 Ne7 17. Qa4 Qd7 18. Kh2 Rfb8 19. b3 a5 20. Rfd1 Rb4 21. Qa3 Qc7 22.
d5 Bd7 23. dxc6 Bxc6 24. Nd5 Qb7 25. Nxe7 Bxe4 26. Rc8+ Rxc8 27. Nxc8 Qxc8 28.
Qxa5 Rb8 29. Rxd6 Bxf3 30. gxf3 Ra8 31. Qd5 f5 32. Rd7 Qe8 33. a4 e4 34. Bd4
Qb8+ 35. Kh1 1-0

[Event "ICC Open Final 2016"]
[Site "ICC INT"]
[Date "2016.06.05"]
[Round "2.4"]
[White "Carlsen, Magnus"]
[Black "Grischuk, Alexander"]
[Result "0-1"]
[WhiteTitle "GM"]
[BlackTitle "GM"]
[WhiteElo "2855"]
[BlackElo "2747"]
[WhiteFideId "1503014"]
[BlackFideId "4126025"]
[EventDate "2016.06.05"]

1. e4 c5 2. Nf3 d6 3. Bb5+ Nd7 4. a4 Nf6 5. d3 e6 6. O-O Be7 7. a5 O-O 8. a6 Qb6
9. axb7 Bxb7 10. Na3 d5 11. e5 Qc7 12. exf6 Nxf6 13. Re1 Bd6 14. Ba4 a6 15. Bg5
Nh5 16. c3 h6 17. Bh4 Nf4 18. Bg3 g5 19. d4 c4 20. Bxf4 Bxf4 21. g3 Bd6 22. Nc2
Rab8 23. Ne3 Bc8 24. Ng4 Kg7 25. Bc2 f6 26. h4 h5 27. Nxf6 Rxf6 28. hxg5 Rf8 29.
Nh4 Bxg3 30. Qxh5 Bxf2+ 31. Kh1 Rh8 32. Qg6+ Kf8 33. Qf6+ Kg8 34. Qxf2 Rxb2 35.
Rac1 Qf7 36. Qxf7+ Kxf7 37. Rf1+ Kg7 38. Rf4 Bd7 39. Kg1 Be8 40. Nf3 a5 41. Ne5
Rh3 42. Rf3 Rxf3 43. Nxf3 a4 44. Bxa4 Bxa4 45. Ne5 Bc2 46. Ra1 Be4 47. Ra7+ Kg8
48. Kf1 Rg2 49. g6 Rg5 50. Ra8+ Kg7 51. Ra7+ Kg8 52. Ra8+ Kg7 53. Re8 Bxg6 54.
Rxe6 Be4 55. Re7+ Kf6 56. Rf7+ Ke6 57. Ra7 Rg3 58. Ra3 Kf5 59. Ke2 Kf4 60. Ra8
Rg2+ 61. Kf1 Ke3 62. Rh8 Rc2 63. Rh3+ Kd2 64. Kf2 Rxc3 65. Rh2 Rc2 66. Kg3+ Ke3
67. Rh8 Kxd4 68. Ng4 c3 69. Rc8 Rg2+ 70. Kf4 Rxg4+ 71. Kxg4 Kd3 72. Kf4 c2 73.
Ke5 Kd2 74. Kd4 c1=Q 75. Rc5 Qxc5+ 76. Kxc5 Kc3 77. Kd6 d4 78. Ke5 Bc2 79. Kf4
d3 80. Kf3 d2 81. Kf4 d1=Q 82. Ke5 Qd2 83. Ke6 Qe2+ 84. Kf6 Qe3 85. Kf7 Kd4 86.
Kf6 Qe5+ 87. Kf7 Kd5 88. Kf8 Kd6 89. Kf7 Qf4+ 90. Ke8 Bg6+ 91. Kd8 Qf8# 0-1